Sanat - "Pelkkää voittoo" - Kaija Koo - Statistics

Yleistilastot
  • Tätä visaa on pelattu 43 kertaa
  • Keskiarvotulos 137 / 243
Vastaustilastot
Vastaus % Oikein
elämä
83%
en
83%
En
83%
enää
83%
on
75%
pelkkää
75%
se
75%
tää
75%
vaikka
75%
viimeinkin
75%
voittoo
75%
ei
67%
jo
67%
kun
67%
Kun
67%
67%
tääl
67%
ja
58%
joka
58%
kauan
58%
kiertele
58%
liian
58%
58%
muut
58%
olla
58%
Oon
58%
sais
58%
sanele
58%
vaiennut
58%
vikisee
58%
aivan
50%
että
50%
hiljaa
50%
huulet
50%
ikisen
50%
kierrä
50%
kuuluis
50%
liiaksi
50%
liimaa
50%
mua
50%
mun
50%
mut
50%
niiaa
50%
nöyrästi
50%
olis
50%
pahat
50%
palele
50%
Piinaa
50%
pohjoisen
50%
täällä
50%
tuo
50%
viima
50%
yhteen
50%
aikaisin
42%
ajelen
42%
häpeile
42%
hienosti
42%
leveillä
42%
maailmanpyörääni
42%
ollut
42%
opin
42%
sisällä
42%
sitä
42%
sovi
42%
suuntaani
42%
tai
42%
ihan
33%
jos
33%
Mutta
33%
peitä
33%
silloin
33%
sun
33%
tuulet
33%
hymyillä
25%
kerällä
25%
leveesti
25%
nurkassa
25%
olet
25%
pitää
25%
sano
25%
voittoa
25%
älä
17%
hävetä
17%
häviä
17%
hei
17%
kiellä
17%
ois
17%
peitellä
17%
elämän
8%
pimeetä
8%
repimä
8%
kitisee
0%
maailmapyöräani
0%
Ehtoja vastaavia visoja ei löytynyt
Tulosjakauma
Jokaisen tuloksen saaneiden osuus
Persentiili vastausten määrän mukaan
Tuloshistoriasi
Et ole pelannut tätä visaa